00796nam a22002057a 4500008004100000020001500041020001800056040007000074041000800144100003800152245011300190260006800303300004000371504006400411650002100475650001900496650003200515700002100547700002200568130821s2011 enka gr eng  a0199569304 a9780199569304 aCO-BoUCMcAngélica Rojas (modificó)dAldemar Mondragónbspa00aeng1 aEriksson-Zetterquist, Ullad1967-10aOrganization theory a practice-based approachcUlla Eriksson-Zetterquist, Tomas Müllern, Alexander Styhre aOxford (Oxfordshire, Inglaterra)bOxford University Pressc2011 axix, 305 páginasbtablas, cuadros aIncluye referencias bibliográficas e índices y glosario 7aAdministración 7aOrganización 7aSociología organizacional1 aMüllern, Tomas1 aStyhre, Alexander